Taoism general knowledge - Statistics

General Stats
  • This quiz has been taken 48 times
  • The average score is 7 of 15
Answer Stats
Hint Answer % Correct
The first recorded and most famous teacher of Taoism Laozi
81%
Black and white dualist symbol often associated with Taoism Taijitu
81%
The natural flow that is central in Taoism, often translated as "the Way" Tao
81%
Taoism has had influence on this type of Buddhism Zen
76%
Some alchemical branches of Taoism believe consuming this metal would grant immortality Mercury
52%
Other dominant religion in China that Taoism historically conflicted with Confucianism
50%
State of effortless action, teached by Taoists (literally: "not doing") Wu Wei
45%
Less known in the west, Taoism has a pantheon of these Gods
43%
Turbulent period in Chinese history where Taoism originated Warring states period
36%
Benjamin Hoff used this childern's book bear to explain Taoism Winnie the Pooh
36%
The active expression of the above, often translated as "Virtue" Te
31%
The most important Taoist scripture, credited to person #1 Tao Te Jing
29%
Second most famous teacher of Taoism, known for his comedic storytelling Zhuangzi
29%
Ancient divination text, which influenced Taoism I Ching
21%
Third most famous teacher of Taoism who, according to legend, could ride the wind Liezi
5%
No matching quizzes found
Score Distribution
Percent of People with Each Score
Percentile by Number Answered
Your Score History
You have not taken this quiz